| 000 | 01039nam a2200265Ia 4500 | ||
|---|---|---|---|
| 003 | OSt | ||
| 005 | 20220923215313.0 | ||
| 006 | a|||||r|||| 00| 0 | ||
| 007 | ta | ||
| 008 | 220922b |||||||| |||| 00| 0 hin d | ||
| 024 | _a177,598 | ||
| 037 | _cTextual | ||
| 040 |
_aARTS _cARTS _bhin |
||
| 041 |
_2hin _ahin |
||
| 082 | _aO152,1:g(P:75), M7 | ||
| 100 | _aवात्स्यायन, सच्चिदानन्द, संपा. | ||
| 245 | 0 | _aसमकालीन कविता में छन्द | |
| 246 | _aSamakālīn kavitā mean chhanda | ||
| 260 |
_aदिल्ली _b नेशनल पब्लिक हाउस _c1987 |
||
| 300 |
_a171 पृ. _ccm. |
||
| 490 | _aवत्सल निधि प्रकाशन माला संघ समिति; 5 | ||
| 650 |
_aहिन्दी साहित्य _9156264 |
||
| 942 |
_hO152,1:g(P:75), M7 _cTEXL _2CC |
||
| 999 |
_c330986 _d330986 |
||